[Event "EU-chT Seniors"]
[Site "Vienna"]
[Date "2015.07.17"]
[Round "6.14"]
[White "Algars, Olle"]
[Black "Edwards, Raymond B"]
[Result "1-0"]
[WhiteElo "1960"]
[BlackElo "1924"]
[PlyCount "81"]
[EventDate "2015.07.12"]
[EventType "team-swiss"]
[EventRounds "9"]
[EventCountry "AUT"]
[SourceTitle "EXT 2018"]
[Source "ChessBase"]
[SourceDate "2017.10.13"]
[SourceVersion "1"]
[SourceVersionDate "2017.10.13"]
[SourceQuality "1"]
[WhiteTeam "Sweden II"]
[BlackTeam "England III"]
[WhiteTeamCountry "SWE"]
[BlackTeamCountry "ENG"]

1. Nf3 d5 2. g3 Nf6 3. Bg2 Bg4 4. d4 e6 5. 0-0 Be7 6. c4 c6 7. Nc3 Nbd7 8. Qb3 Qb6 9. Be3 Qxb3 10. axb3 0-0 11. Nd2 Bf5 12. f3 a6 13. Bf2 Bg6 14. h3 c5 15. cxd5 exd5 16. f4 Rad8 17. Nxd5 Nxd5 18. Bxd5 cxd4 19. Bxb7 Nc5 20. Bf3 f5 21. Rfd1 Rf6 22. Ra5 Rb6 23. Nc4 Nxb3 24. Nxb6 Nxa5 25. Bxd4 Nb3 26. Bd5+ Bf7 27. Bf2 Kf8 28. Kf1 Nc5 29. Rc1 Bxd5 30. Bxc5 Bxc5 31. Rxc5 Be4 32. Ra5 Rd2 33. Na4 Rd6 34. Nc5 Ke7 35. Nxe4 fxe4 36. Re5+ Kf6 37. Rxe4 Rb6 38. b4 Rb5 39. g4 a5 40. bxa5 Rxa5 41. Rb4 1-0

[Event "EU-chT Seniors"]
[Site "Vienna"]
[Date "2015.07.14"]
[Round "3.11"]
[White "Edwards, Raymond B"]
[Black "Grevlund, Per"]
[Result "0-1"]
[WhiteElo "1924"]
[BlackElo "2065"]
[PlyCount "108"]
[EventDate "2015.07.12"]
[EventType "team-swiss"]
[EventRounds "9"]
[EventCountry "AUT"]
[SourceTitle "EXT 2018"]
[Source "ChessBase"]
[SourceDate "2017.10.13"]
[SourceVersion "1"]
[SourceVersionDate "2017.10.13"]
[SourceQuality "1"]
[WhiteTeam "England III"]
[BlackTeam "Norresundby"]
[WhiteTeamCountry "ENG"]
[BlackTeamCountry "DEN"]

1. d4 Nf6 2. c4 e6 3. Nc3 d5 4. Bg5 Be7 5. cxd5 exd5 6. e3 h6 7. Bh4 c6 8. Bd3 Ne4 9. Bxe7 Qxe7 10. Qc2 Bf5 11. Nge2 Nd7 12. 0-0 Ndf6 13. Ng3 Nxg3 14. hxg3 Bxd3 15. Qxd3 0-0 16. Rae1 Rfe8 17. Re2 Qd7 18. Na4 b6 19. Qb3 Ne4 20. Nc3 Nd6 21. a4 Re7 22. Qc2 Rae8 23. b3 g6 24. a5 bxa5 25. Ra1 Qc7 26. Na4 Nb7 27. Nc5 Nxc5 28. Qxc5 Rb8 29. Rxa5 Rxb3 30. Rea2 Rb7 31. Qa3 Qd7 32. Ra1 Kg7 33. Ra6 Kf6 34. Qc5 Rc7 35. Rc1 Re6 36. Rca1 Re7 37. Rc1 Re6 38. Rca1 Qe7 39. Rxa7 Qxc5 40. dxc5 Ree7 41. R7a6 Re4 42. Rc1 Ke6 43. Kf1 Rc4 44. Raa1 Rb7 45. Rxc4 dxc4 46. Rd1 Rb2 47. Rd6+ Ke5 48. Rd4 c3 49. f4+ Kf5 50. Rc4 c2 51. Ke1 Rb1+ 52. Kd2 c1Q+ 53. Rxc1 Rxc1 54. Kxc1 Kg4 0-1

[Event "EU-chT Seniors"]
[Site "Vienna"]
[Date "2015.07.13"]
[Round "2.20"]
[White "Hasivar, Gerd"]
[Black "Edwards, Raymond B"]
[Result "0-1"]
[WhiteElo "1888"]
[BlackElo "1924"]
[PlyCount "104"]
[EventDate "2015.07.12"]
[EventType "team-swiss"]
[EventRounds "9"]
[EventCountry "AUT"]
[SourceTitle "EXT 2018"]
[Source "ChessBase"]
[SourceDate "2017.10.13"]
[SourceVersion "1"]
[SourceVersionDate "2017.10.13"]
[SourceQuality "1"]
[WhiteTeam "DSW DBAG III"]
[BlackTeam "England III"]
[WhiteTeamCountry "GER"]
[BlackTeamCountry "ENG"]

1. e4 c6 2. Nc3 d5 3. d3 dxe4 4. dxe4 Qxd1+ 5. Nxd1 e5 6. Nc3 Be6 7. Bd3 Nd7 8. Nf3 f6 9. Be3 Bc5 10. Bd2 a5 11. a4 Ne7 12. b3 0-0 13. 0-0 Rfd8 14. Rad1 Bb4 15. Na2 Bxd2 16. Rxd2 Nc5 17. Nc1 Rd7 18. Rfd1 Rad8 19. Kf1 Kf8 20. Ke2 Ng6 21. Ke3 Ke7 22. Bf1 Nf8 23. Rxd7+ Nfxd7 24. Ne2 b5 25. axb5 cxb5 26. Nc3 b4 27. Nd5+ Bxd5 28. Rxd5 Rc8 29. Rd2 Nb6 30. Bb5 Ne6 31. g3 Rc3+ 32. Ke2 Nc5 33. Ne1 Nxe4 34. Rd3 Rc5 35. Ba6 Nc3+ 36. Kd2 e4 37. Rd4 Rd5 38. Rxd5 Nbxd5 39. Bc4 Kd6 40. Ng2 Ke5 41. Ne3 Nxe3 42. fxe3 f5 43. Bg8 h6 44. Bf7 g5 45. Ke1 f4 46. gxf4+ gxf4 47. exf4+ Kxf4 48. Bh5 Ke3 49. Bg4 Nb5 50. Bh5 Nd4 51. Bd1 Nf3+ 52. Bxf3 exf3 0-1

[Event "High Wycombe e2e4 op 10"]
[Site "High Wycombe"]
[Date "2011.10.07"]
[Round "1"]
[White "Wells, Peter K"]
[Black "Edwards, Raymond B"]
[Result "1-0"]
[WhiteElo "2497"]
[BlackElo "2013"]
[PlyCount "57"]
[EventDate "2011.10.07"]
[EventType "swiss"]
[EventRounds "5"]
[EventCountry "ENG"]
[SourceTitle "CBM 144 Extra"]
[Source "ChessBase"]
[SourceDate "2011.10.28"]
[SourceVersion "1"]
[SourceVersionDate "2011.10.28"]
[SourceQuality "1"]

1. d4 d5 2. c4 e6 3. Nf3 Nf6 4. g3 Be7 5. Bg2 0-0 6. 0-0 dxc4 7. Qc2 a6 8. a4 Bd7 9. Qxc4 Bc6 10. Bg5 Nbd7 11. Nc3 Ne4 12. Nxe4 Bxe4 13. Bxe7 Qxe7 14. Qxc7 Rac8 15. Qf4 Nf6 16. Rfc1 Qb4 17. Qd2 Rxc1+ 18. Qxc1 h6 19. e3 Rd8 20. Ne5 Bxg2 21. Kxg2 Ne8 22. Qc3 Qxc3 23. bxc3 Rc8 24. Rb1 f6 25. Nd7 Rxc3 26. Rxb7 Rc6 27. Nb8 Nd6 28. Rxg7+ Kxg7 29. Nxc6 1-0

[Event "EU-chT Seniors"]
[Site "Thessaloniki"]
[Date "2011.05.04"]
[Round "2"]
[White "Edwards, Raymond B"]
[Black "Nickl, Klaus"]
[Result "1/2-1/2"]
[WhiteElo "2017"]
[BlackElo "2149"]
[PlyCount "58"]
[EventDate "2011.05.03"]
[EventType "team-swiss"]
[EventRounds "9"]
[EventCountry "GRE"]
[SourceTitle "CBM 142 Extra"]
[Source "ChessBase"]
[SourceDate "2011.06.27"]
[SourceVersion "1"]
[SourceVersionDate "2011.06.27"]
[SourceQuality "1"]
[WhiteTeam "England III"]
[BlackTeam "Steiermark"]
[WhiteTeamCountry "ENG"]
[BlackTeamCountry "AUT"]

1. d4 Nf6 2. c4 g6 3. Nc3 Bg7 4. e4 d6 5. Nf3 0-0 6. Be2 e5 7. Be3 Nbd7 8. 0-0 Ng4 9. Bg5 f6 10. Bh4 Nh6 11. d5 g5 12. Bg3 f5 13. exf5 Nxf5 14. Ne4 h6 15. Nfd2 Nd4 16. Bd3 a5 17. Qh5 Qe8 18. Qxe8 Rxe8 19. f3 b6 20. Bf2 Nc5 21. Nxc5 bxc5 22. Bxd4 cxd4 23. g4 Ba6 24. Rac1 Reb8 25. Rc2 Bf8 26. Ne4 Rb4 27. Rff2 c5 28. Kf1 Be7 29. Ke1 Bc8 1/2-1/2

[Event "Uxbridge e2e4 op"]
[Site "Denham"]
[Date "2011.03.18"]
[Round "1"]
[White "Edwards, Raymond B"]
[Black "Player, Edmund C"]
[Result "1-0"]
[WhiteElo "2008"]
[BlackElo "2179"]
[PlyCount "65"]
[EventDate "2011.03.18"]
[EventType "swiss"]
[EventRounds "5"]
[EventCountry "ENG"]
[SourceTitle "CBM 141 Extra"]
[Source "ChessBase"]
[SourceDate "2011.05.03"]
[SourceVersion "1"]
[SourceVersionDate "2011.05.03"]
[SourceQuality "1"]

1. d4 d5 2. c4 dxc4 3. e4 Nf6 4. e5 Nd5 5. Bxc4 e6 6. Nf3 a6 7. Nc3 Nxc3 8. bxc3 b5 9. Bd3 Be7 10. 0-0 Bb7 11. a4 c6 12. Qe2 Nd7 13. Qe4 g6 14. Bh6 Rb8 15. Qg4 Nb6 16. a5 Na4 17. c4 Qxa5 18. Rfc1 Qd8 19. Ng5 Nb2 20. Be2 Bf8 21. Bxf8 Kxf8 22. Qf4 Qe7 23. c5 Kg7 24. Ne4 Na4 25. Ra3 Nb6 26. Qf6+ Qxf6 27. exf6+ Kf8 28. cxb6 Ke8 29. Nc5 Kd8 30. Nxb7+ Rxb7 31. Rxa6 Kd7 32. Bf3 Kd6 33. Rxc6+ 1-0

[Event "Plzen op 2nd"]
[Site "Plzen"]
[Date "2010.12.09"]
[Round "7"]
[White "Edwards, Raymond B"]
[Black "Ostrowska, Dominika"]
[Result "0-1"]
[WhiteElo "2018"]
[BlackElo "1926"]
[PlyCount "58"]
[EventDate "2010.12.04"]
[EventType "swiss"]
[EventRounds "9"]
[EventCountry "CZE"]
[SourceTitle "CBM 139 Extra"]
[Source "ChessBase"]
[SourceDate "2011.01.05"]
[SourceVersion "1"]
[SourceVersionDate "2011.01.05"]
[SourceQuality "1"]

1. d4 d5 2. c4 c6 3. Nf3 Nf6 4. Nc3 e6 5. e3 Nbd7 6. Qc2 Bd6 7. b3 Qe7 8. Be2 0-0 9. 0-0 a6 10. Bb2 e5 11. dxe5 Nxe5 12. cxd5 cxd5 13. Rfd1 Nfg4 14. Nxd5 Nxf3+ 15. Bxf3 Bxh2+ 16. Kf1 Qg5 17. e4 Ne5 18. Bxe5 Bxe5 19. Rac1 Bg4 20. Qe2 Bxf3 21. Qxf3 f5 22. exf5 Rae8 23. Ne3 Bf4 24. Re1 Qh6 25. g3 Bxe3 26. Rxe3 Rxe3 27. Qxe3 Qh1+ 28. Ke2 Qh5+ 29. Qf3 Re8+ 0-1

[Event "Plzen op 2nd"]
[Site "Plzen"]
[Date "2010.12.06"]
[Round "3"]
[White "Edwards, Raymond B"]
[Black "Plischki, Sebastian"]
[Result "0-1"]
[WhiteElo "2018"]
[BlackElo "2360"]
[PlyCount "62"]
[EventDate "2010.12.04"]
[EventType "swiss"]
[EventRounds "9"]
[EventCountry "CZE"]
[SourceTitle "CBM 139 Extra"]
[Source "ChessBase"]
[SourceDate "2011.01.05"]
[SourceVersion "1"]
[SourceVersionDate "2011.01.05"]
[SourceQuality "1"]

1. d4 Nf6 2. c4 e6 3. Nc3 Bb4 4. Bg5 h6 5. Bh4 c5 6. d5 Bxc3+ 7. bxc3 d6 8. e3 Qe7 9. Nf3 e5 10. Qc2 g5 11. Bg3 e4 12. Nd2 Bf5 13. Be2 Nbd7 14. 0-0-0 0-0-0 15. h4 Bg6 16. hxg5 hxg5 17. Rde1 Ne5 18. Qd1 Rhe8 19. f4 Nd3+ 20. Bxd3 exd3 21. fxg5 Ne4 22. Qg4+ Qd7 23. Qxd7+ Kxd7 24. Nxe4 Rxe4 25. Kd2 Rxc4 26. Rh4 Rxh4 27. Bxh4 Re8 28. Bg3 Re4 29. Bf4 Ra4 30. Ra1 b5 31. Kc1 Be4 0-1

[Event "Benidorm op U2300 08th"]
[Site "Benidorm"]
[Date "2009.11.28"]
[Round "1"]
[White "Ballesteros Gonzalez, David"]
[Black "Edwards, Raymond B"]
[Result "1-0"]
[WhiteElo "2236"]
[BlackElo "2076"]
[PlyCount "80"]
[EventDate "2009.11.28"]
[EventType "swiss"]
[EventRounds "10"]
[EventCountry "ESP"]
[SourceTitle "CBM 133 Extra"]
[Source "ChessBase"]
[SourceDate "2010.01.05"]
[SourceVersion "1"]
[SourceVersionDate "2010.01.05"]
[SourceQuality "1"]

1. d4 d5 2. c4 e6 3. Nc3 Be7 4. Nf3 Nf6 5. Bg5 0-0 6. e3 h6 7. Bh4 Ne4 8. Bxe7 Qxe7 9. Qc2 Nxc3 10. Qxc3 dxc4 11. Bxc4 b6 12. b4 Bb7 13. Be2 Rc8 14. 0-0 Nd7 15. Rac1 Qd6 16. Nd2 e5 17. Bf3 Bxf3 18. Nxf3 exd4 19. Nxd4 c5 20. Nf5 Qf8 21. b5 g6 22. Rfd1 Rd8 23. Nd6 Qe7 24. Nc4 Qf6 25. Qa3 Nf8 26. h3 Ne6 27. Qb3 Rxd1+ 28. Rxd1 Rd8 29. Rc1 Qf5 30. a4 Ng5 31. Rd1 Rxd1+ 32. Qxd1 Ne4 33. f3 Nc3 34. Qd8+ Kg7 35. Nd6 Qb1+ 36. Kf2 Qd1 37. Ne8+ Kf8 38. Nd6+ Kg7 39. Qe7 Qd5 40. Kg3 Qa2 1-0

[Event "BCF-chT3 0809 (4NCL)"]
[Site "Hinckley Island"]
[Date "2008.10.19"]
[Round "2.3"]
[White "Deswarte, Ian"]
[Black "Edwards, Raymond B"]
[Result "1-0"]
[WhiteElo "1950"]
[BlackElo "2099"]
[PlyCount "67"]
[EventDate "2008.10.18"]
[EventType "team-swiss"]
[EventRounds "11"]
[EventCountry "ENG"]
[SourceTitle "EXT 2010"]
[Source "ChessBase"]
[SourceDate "2010.11.25"]
[SourceVersion "1"]
[SourceVersionDate "2010.11.25"]
[SourceQuality "1"]
[WhiteTeam "Guildford V"]
[BlackTeam "Mindsports"]
[WhiteTeamCountry "ENG"]
[BlackTeamCountry "ENG"]

1. e4 c6 2. d4 d5 3. e5 Bf5 4. Nc3 e6 5. g4 Bg6 6. Nge2 Nd7 7. Nf4 Ne7 8. h4 h5 9. Nxg6 Nxg6 10. g5 Ne7 11. Bd3 g6 12. Be3 Nf5 13. Bxf5 exf5 14. Ne2 Be7 15. Nf4 Nf8 16. Qd3 Qd7 17. 0-0-0 Ne6 18. c4 Nxf4 19. Bxf4 0-0 20. Kb1 Rfd8 21. Rhe1 Qe6 22. cxd5 Rxd5 23. Qb3 Rd7 24. Qa4 b6 25. Be3 Rad8 26. f4 Qd5 27. Bd2 Qxd4 28. Qb3 Qd3+ 29. Qxd3 Rxd3 30. Kc2 Bc5 31. e6 fxe6 32. Rxe6 R3d6 33. Ree1 Rxd2+ 34. Rxd2 1-0

[Event "Gibraltar Masters"]
[Site "Gibraltar"]
[Date "2007.01.29"]
[Round "6"]
[White "Nordstrom, Felix"]
[Black "Edwards, Raymond B"]
[Result "1/2-1/2"]
[WhiteElo "2199"]
[BlackElo "2131"]
[PlyCount "158"]
[EventDate "2007.01.23"]
[EventType "swiss"]
[EventRounds "9"]
[EventCountry "ENG"]
[SourceTitle "CBM 116 Extra"]
[Source "ChessBase"]
[SourceDate "2007.03.07"]
[SourceVersion "1"]
[SourceVersionDate "2007.03.07"]
[SourceQuality "1"]

1. d4 d5 2. c4 e6 3. Nc3 Nf6 4. Bg5 Be7 5. e3 0-0 6. Nf3 h6 7. Bxf6 Bxf6 8. cxd5 exd5 9. b4 Bf5 10. Be2 c6 11. Qb3 Qd6 12. b5 Nd7 13. 0-0 a6 14. bxc6 bxc6 15. Rfc1 Rfb8 16. Qd1 Rb4 17. Ne1 a5 18. Bd3 Be6 19. Na4 Qc7 20. Bc2 Be7 21. Nd3 Rbb8 22. Rab1 Rxb1 23. Rxb1 Rb8 24. Bb3 g6 25. Rc1 Rc8 26. Nac5 Nxc5 27. Nxc5 Bxc5 28. Rxc5 Qb6 29. h3 Bd7 30. Qc2 Ra8 31. Ba4 Ra6 32. e4 dxe4 33. d5 Bf5 34. dxc6 Qc7 35. Qc3 Rb6 36. Bb5 Rb8 37. a4 Rd8 38. Qe5 Qxe5 39. Rxe5 Rd1+ 40. Kh2 Rc1 41. g4 Be6 42. Rxe4 Bd5 43. Re5 Bxc6 44. Bxc6 Rxc6 45. Rxa5 Rc3 46. Re5 Ra3 47. Re4 Kg7 48. Kg2 Kf6 49. h4 h5 50. g5+ Kf5 51. Rb4 Ke5 52. f3 Ra2+ 53. Kg3 Ra3 54. Rb5+ Ke6 55. a5 Ra4 56. Rb6+ Ke7 57. a6 Kd7 58. Rb7+ Ke6 59. a7 f5 60. Rg7 f4+ 61. Kf2 Kf5 62. Ke2 Ke5 63. Kd3 Kd5 64. Kc3 Kc5 65. Rxg6 Rxa7 66. Rh6 Ra3+ 67. Kd2 Rxf3 68. Rxh5 Rg3 69. Ke2 Kd6 70. Rh8 Ke6 71. Kf2 Kf7 72. Rh6 Kg7 73. Kf1 Rg4 74. Ke2 Rg3 75. Kf2 Kg8 76. Rg6+ Kh7 77. h5 Rh3 78. Rh6+ Kg7 79. Kg2 Rg3+ 1/2-1/2

[Event "Gibraltar Masters"]
[Site "Gibraltar"]
[Date "2007.01.27"]
[Round "5"]
[White "Edwards, Raymond B"]
[Black "Ruxton, Keith"]
[Result "0-1"]
[WhiteElo "2131"]
[BlackElo "2282"]
[PlyCount "60"]
[EventDate "2007.01.23"]
[EventType "swiss"]
[EventRounds "9"]
[EventCountry "ENG"]
[SourceTitle "CBM 116 Extra"]
[Source "ChessBase"]
[SourceDate "2007.03.07"]
[SourceVersion "1"]
[SourceVersionDate "2007.03.07"]
[SourceQuality "1"]

1. d4 Nf6 2. c4 g6 3. Nc3 Bg7 4. e4 0-0 5. Nf3 d6 6. Be2 e5 7. Be3 Ng4 8. Bg5 f6 9. Bh4 Nc6 10. d5 Ne7 11. 0-0 g5 12. Bg3 Nh6 13. Nd2 Ng6 14. h3 Nf4 15. Bg4 Nxg4 16. hxg4 Qd7 17. Bxf4 gxf4 18. f3 Bh6 19. Kf2 c6 20. Rh1 Bg5 21. Qb3 Kg7 22. Rad1 Qc7 23. Rc1 Bd7 24. Qb4 a5 25. Qb3 Rfb8 26. Rhd1 b5 27. c5 Qa7 28. Ne2 dxc5 29. Qc3 c4+ 30. Kf1 Bh4 0-1

[Event "Gibraltar Masters"]
[Site "Gibraltar"]
[Date "2007.01.25"]
[Round "3"]
[White "Edwards, Raymond B"]
[Black "Houska, Jovanka"]
[Result "0-1"]
[WhiteElo "2131"]
[BlackElo "2384"]
[PlyCount "64"]
[EventDate "2007.01.23"]
[EventType "swiss"]
[EventRounds "9"]
[EventCountry "ENG"]
[SourceTitle "CBM 116 Extra"]
[Source "ChessBase"]
[SourceDate "2007.03.07"]
[SourceVersion "1"]
[SourceVersionDate "2007.03.07"]
[SourceQuality "1"]

1. d4 d5 2. c4 c6 3. Nf3 Nf6 4. Nc3 e6 5. e3 Nbd7 6. Qc2 Bd6 7. Be2 0-0 8. 0-0 dxc4 9. Bxc4 b5 10. Be2 Bb7 11. e4 e5 12. Bg5 b4 13. Na4 exd4 14. Nxd4 c5 15. Nf5 Bxe4 16. Qxe4 Nxe4 17. Bxd8 Raxd8 18. Nxd6 Nxd6 19. Rad1 Ne4 20. Bf3 Ndf6 21. Rfe1 c4 22. Rc1 Rd4 23. Bxe4 Nxe4 24. f3 Nd6 25. Re7 Re8 26. Rxa7 g6 27. Rc2 b3 28. axb3 cxb3 29. Rf2 Re1+ 30. Rf1 Re2 31. Rf2 Rd1+ 32. Rf1 Rdd2 0-1

[Event "BCF-chT3 0607 (4NCL)"]
[Site "Sunningdale"]
[Date "2007.01.14"]
[Round "6.4"]
[White "Edwards, Raymond B"]
[Black "Edgell, Ben P"]
[Result "0-1"]
[WhiteElo "2131"]
[BlackElo "2005"]
[PlyCount "108"]
[EventDate "2006.09.16"]
[EventType "team"]
[EventRounds "11"]
[EventCountry "ENG"]
[SourceTitle "EXT 2008"]
[Source "ChessBase"]
[SourceDate "2007.11.25"]
[SourceVersion "1"]
[SourceVersionDate "2007.11.25"]
[SourceQuality "1"]
[WhiteTeam "Mindsports"]
[BlackTeam "Slough Sharks III"]
[WhiteTeamCountry "ENG"]
[BlackTeamCountry "ENG"]

1. d4 Nf6 2. c4 e6 3. Nc3 Bb4 4. Bg5 h6 5. Bh4 b6 6. Nf3 Bb7 7. Nd2 0-0 8. f3 d5 9. e3 Nbd7 10. Bd3 c5 11. a3 cxd4 12. axb4 dxc3 13. bxc3 Ne5 14. Be2 Nxc4 15. Nxc4 dxc4 16. Qxd8 Rfxd8 17. e4 Rd7 18. Bf2 Nh5 19. 0-0 Rc7 20. Rfd1 Nf4 21. Bf1 Kh7 22. b5 e5 23. Ra4 Ne6 24. Bxc4 Rd8 25. Bd5 Bxd5 26. exd5 Nf4 27. c4 Ne2+ 28. Kf1 Nc3 29. Rda1 Nxa4 30. Rxa4 f5 31. Ke2 Rdc8 32. Kd3 Kg6 33. c5 bxc5 34. Kc4 Kf7 35. d6 Rd7 36. Bxc5 Ke6 37. Ra6 g5 38. Rc6 Rb8 39. Kb4 Rdb7 40. Rc7 Rxb5+ 41. Kc4 R5b7 42. Bxa7 Rxc7+ 43. dxc7 Rc8 44. Bb6 Kd7 45. Kd3 Rxc7 46. Bxc7 Kxc7 47. g4 fxg4 48. fxg4 Kd6 49. Ke4 Ke6 50. Kd3 Kd5 51. Ke3 e4 52. Ke2 Kd4 53. Kd2 e3+ 54. Ke2 Ke4 0-1

[Event "EU-chT Seniors 08th"]
[Site "Dresden"]
[Date "2006.02.24"]
[Round "8"]
[White "Haug, Kjell Martin"]
[Black "Edwards, Raymond B"]
[Result "0-1"]
[WhiteElo "1993"]
[BlackElo "2093"]
[PlyCount "86"]
[EventDate "2006.02.17"]
[EventType "team-swiss"]
[EventRounds "8"]
[EventCountry "GER"]
[SourceTitle "CBM 111 Extra"]
[Source "ChessBase"]
[SourceDate "2006.05.09"]
[SourceVersion "1"]
[SourceVersionDate "2006.05.09"]
[SourceQuality "1"]
[WhiteTeam "Norway II"]
[BlackTeam "Great Britain III"]
[WhiteTeamCountry "NOR"]
[BlackTeamCountry "GBR"]

1. c4 e5 2. Nc3 d6 3. d3 g6 4. e4 Bg7 5. Be2 Ne7 6. Nf3 0-0 7. 0-0 Nbc6 8. Bd2 h6 9. Qc1 Kh7 10. Nd5 Be6 11. h3 f5 12. exf5 Nxf5 13. Ne3 Ncd4 14. Bd1 Qd7 15. Nxd4 Nxd4 16. Ng4 g5 17. f3 Rf7 18. Nf2 Raf8 19. Kh2 c6 20. Ne4 Bf6 21. Nxf6+ Rxf6 22. Be3 c5 23. Bxd4 cxd4 24. Be2 Rf4 25. Qe1 Qg7 26. Qb4 Qd7 27. c5 d5 28. Rac1 Bxh3 29. Rh1 Be6 30. Kg1 R8f7 31. Qa5 a6 32. c6 Qc7 33. Qa4 Bd7 34. cxd7 Qxc1+ 35. Bd1 Qc7 36. g3 R4f6 37. f4 exf4 38. Bg4 fxg3 39. Qd1 Rxd7 40. Bxd7 Qxd7 41. Qe2 Qf5 42. Kg2 Qf2+ 43. Qxf2 gxf2 0-1

[Event "EU-chT Seniors 08th"]
[Site "Dresden"]
[Date "2006.02.23"]
[Round "7"]
[White "Edwards, Raymond B"]
[Black "Ager, Josef"]
[Result "1/2-1/2"]
[WhiteElo "2093"]
[BlackElo "2235"]
[PlyCount "117"]
[EventDate "2006.02.17"]
[EventType "team-swiss"]
[EventRounds "8"]
[EventCountry "GER"]
[SourceTitle "CBM 111 Extra"]
[Source "ChessBase"]
[SourceDate "2006.05.09"]
[SourceVersion "1"]
[SourceVersionDate "2006.05.09"]
[SourceQuality "1"]
[WhiteTeam "Great Britain III"]
[BlackTeam "Oberoesterreich"]
[WhiteTeamCountry "GBR"]
[BlackTeamCountry "AUT"]

1. d4 Nf6 2. c4 e6 3. Nc3 Bb4 4. Bg5 c5 5. d5 h6 6. Bh4 d6 7. e3 Qe7 8. Nf3 Nbd7 9. Be2 Nb6 10. Bxf6 Qxf6 11. Rc1 e5 12. 0-0 Bxc3 13. Rxc3 0-0 14. e4 Bd7 15. Nd2 Nc8 16. Bg4 Bxg4 17. Qxg4 Qg5 18. Qe2 Ne7 19. Rg3 Qf4 20. Rf3 Qg4 21. Re3 Qxe2 22. Rxe2 Rab8 23. g3 Ng6 24. Kg2 a6 25. h4 f6 26. h5 Nh8 27. f4 Nf7 28. Rf3 b5 29. Rc3 Rb6 30. Rc2 Rfb8 31. b3 Nd8 32. Nf3 Nb7 33. cxb5 axb5 34. Nh4 Rc8 35. Nf5 Rc7 36. Kf3 Nd8 37. Rb2 Nf7 38. Rec2 Kh7 39. Ne3 Ra6 40. Nf5 Ra8 41. Ne3 Rca7 42. Nf5 Re8 43. Re2 Ra3 44. Kg4 g6 45. hxg6+ Kxg6 46. Nh4+ Kh7 47. Nf5 Rg8+ 48. Kh5 Ra7 49. Rec2 Rd7 50. b4 c4 51. a4 bxa4 52. Rxc4 Ra8 53. Ra2 Rb7 54. b5 exf4 55. gxf4 a3 56. Rb4 Ra5 57. Rb3 Raxb5 58. Rxb5 Rxb5 59. Rxa3 1/2-1/2

[Event "EU-chT Seniors 07th"]
[Site "Dresden"]
[Date "2005.02.21"]
[Round "4"]
[White "Schroeder, Christian"]
[Black "Edwards, Raymond B"]
[Result "0-1"]
[WhiteElo "2079"]
[BlackElo "2104"]
[PlyCount "58"]
[EventDate "2005.02.18"]
[EventType "team-swiss"]
[EventRounds "8"]
[EventCountry "GER"]
[SourceTitle "EXT 2006"]
[Source "ChessBase"]
[SourceDate "2005.11.24"]
[SourceVersion "1"]
[SourceVersionDate "2005.11.24"]
[SourceQuality "1"]

1. c4 e5 2. Nc3 d6 3. g3 Be6 4. Bg2 Nc6 5. d3 g6 6. e3 Bg7 7. Nge2 Qd7 8. Nd5 Nd8 9. e4 c6 10. Ne3 Bh3 11. 0-0 Bxg2 12. Kxg2 Ne7 13. f4 exf4 14. Nxf4 0-0 15. d4 Ne6 16. d5 Nxf4+ 17. Rxf4 Rae8 18. Rb1 f5 19. exf5 Nxf5 20. Nxf5 Rxf5 21. Qf3 Rfe5 22. Qd3 cxd5 23. Rf2 dxc4 24. Qxc4+ d5 25. Qd3 Re4 26. Bf4 Bd4 27. Rc2 Qg4 28. Rf1 Re2+ 29. Kh1 Qh3 0-1

[Event "BCF-chT3 0405 (4NCL)"]
[Site "Telford"]
[Date "2004.11.06"]
[Round "1.4"]
[White "Ozeren, Kemal"]
[Black "Edwards, Raymond B"]
[Result "1/2-1/2"]
[WhiteElo "2292"]
[BlackElo "2119"]
[PlyCount "89"]
[EventDate "2004.11.06"]
[EventType "team"]
[EventRounds "11"]
[EventCountry "ENG"]
[SourceTitle "EXT 2006"]
[Source "ChessBase"]
[SourceDate "2005.11.24"]
[SourceVersion "1"]
[SourceVersionDate "2005.11.24"]
[SourceQuality "1"]
[WhiteTeam "Oxford"]
[BlackTeam "The ADS II"]
[WhiteTeamCountry "ENG"]
[BlackTeamCountry "ENG"]

1. d4 d5 2. c4 e6 3. Nf3 Nf6 4. Bg5 Be7 5. e3 0-0 6. Nc3 h6 7. Bh4 Ne4 8. Bxe7 Qxe7 9. Rc1 Nxc3 10. Rxc3 c6 11. Bd3 dxc4 12. Bxc4 Nd7 13. Bb3 e5 14. 0-0 e4 15. Nd2 Nf6 16. Qc2 Bg4 17. Bc4 Rad8 18. h3 Bh5 19. Rb1 Bg6 20. b4 a6 21. a4 Nd5 22. Bxd5 Rxd5 23. Nc4 Qh4 24. Ne5 Bf5 25. f4 g5 26. Rf1 f6 27. Nc4 g4 28. Nb6 Rd6 29. Rc5 Qh5 30. Qd1 Qg6 31. h4 g3 32. h5 Qg4 33. Qxg4+ Bxg4 34. Rfc1 Be2 35. Nc4 Bxc4 36. R5xc4 Rd5 37. Rc5 Rfd8 38. Kf1 Kf7 39. Ke2 Ke6 40. Rb1 Rxc5 41. bxc5 Rd7 42. Kd2 Kf5 43. Kc3 Kg4 44. Rh1 a5 45. Kc4 1/2-1/2

[Event "WchT Seniors 1st"]
[Site "Port Erin"]
[Date "2004.10.10"]
[Round "6.3"]
[White "Kraidman, Yair"]
[Black "Edwards, Raymond B"]
[Result "1-0"]
[WhiteElo "2307"]
[BlackElo "2119"]
[PlyCount "57"]
[EventDate "2004.10.05"]
[EventType "team-swiss"]
[EventRounds "8"]
[EventCountry "IOM"]
[SourceTitle "CBM 102 Extra"]
[Source "ChessBase"]
[SourceDate "2004.11.03"]
[SourceVersion "1"]
[SourceVersionDate "2004.11.03"]
[SourceQuality "1"]
[WhiteTeam "Israel"]
[BlackTeam "England II"]
[WhiteTeamCountry "ISR"]
[BlackTeamCountry "ENG"]

1. d4 d5 2. Nf3 Nf6 3. c4 e6 4. Nc3 Be7 5. Bg5 h6 6. Bh4 0-0 7. e3 Ne4 8. Bxe7 Qxe7 9. Qc2 Nd7 10. cxd5 Nxc3 11. Qxc3 Nf6 12. dxe6 Bxe6 13. Bc4 Nd5 14. Qb3 c6 15. 0-0 b5 16. Bxd5 Bxd5 17. Qc2 Rad8 18. Ne5 Qe6 19. e4 Bxa2 20. Nxc6 Qc4 21. Qxc4 Bxc4 22. Nxd8 Bxf1 23. Nc6 Bd3 24. f3 Ra8 25. Rxa7 Rxa7 26. Nxa7 Kf8 27. Kf2 Ke8 28. Ke3 Bf1 29. g3 1-0